000 00473nam a2200181Ia 4500
005 20250326123735.0
008 250326s9999 xx 000 0 und d
037 _aTextbook
040 _aFMSL
_beng
_cFMSL
041 _aeng
_2eng
084 _aX:75 N7
_qFMSL
100 _aFoss N J
_9735958
245 0 _aResource firms and strategies
_cFoss N J
260 _aNY
_bNY, Oxford
_c1997
300 _a3778p
942 _cTB
_hX:75 N7
999 _c1270746
_d1270746